Ni epu chillkatuwe
Saved in:
| Hovedforfatter: | |
|---|---|
| Format: | Bog |
| Sprog: | spansk |
| Udgivet: |
Temuco
Fundación del Magisterio de la Araucanía
1978
|
| Fag: | |
| Tags: |
Tilføj Tag
Ingen Tags, Vær først til at tagge denne postø!
|
MARC
| LEADER | 00000nam a2200000 a 4500 | ||
|---|---|---|---|
| 001 | UCY3615 | ||
| 003 | CL-VaPUC | ||
| 008 | 950110e19780000CL |||||||||||||||||spa|d | ||
| 082 | 0 | 4 | |a 498 |b SAL |2 21 |
| 100 | 0 | |a Salgado Muñoz, Francisco |e author |9 331975 | |
| 245 | 1 | 0 | |a Ni epu chillkatuwe |
| 300 | |a 64 p | ||
| 942 | |c BK | ||
| 945 | |d 19950110 00:00:00 |a rbrito | ||
| 260 | |a Temuco |b Fundación del Magisterio de la Araucanía |c 1978 | ||
| 650 | 0 | |a Araucano |v Enseñanza |9 331976 | |
| 583 | |a last modification |c 19950110 00:00:00 |k Rodrigo Vera | ||
| 999 | |c 231706 |d 231704 | ||
| 952 | |0 0 |1 0 |4 0 |6 498_000000000000000_SAL_1978 |7 0 |8 P |9 235241 |a BIBEDU |b BIBEDU |d 2019-11-15 |i 302668K |o 498 SAL 1978 |p 302668K |r 2024-01-25 |w 2019-11-15 |y BK |k EDU | ||